Bundesliga Spieler mit roten Karten (24/25) - Statistiken

Allgemein
  • Dieses Quiz wurde 51 mal gespielt
  • Das Durchschnittsergebnis liegt bei 11 aus 48
Antwortstatistiken
Verein Platzverweise Antwort % Korrekt
Augsburg 1 Keven Schlotterbeck
73%
Dortmund 2 Nico Schlotterbeck
73%
Mainz 1 Dominik Kohr
71%
Bremen 2 Marco Friedl
60%
Leipzig 2 Willi Orbán
53%
Dortmund 1 Emre Can
49%
Wolfsburg 1 Maximilian Arnold
44%
Mainz 2 Nadiem Amiri
44%
Bremen 1 Mitchell Weiser
33%
Stuttgart 1 Jeff Chabot
31%
Dortmund 1 Julian Ryerson
31%
Bremen 1 Niklas Stark
31%
Leipzig 1 Loïs Openda
27%
Dortmund 1 Pascal Groß
27%
Mainz 1 Paul Nebel
27%
Gladbach 1 Tim Kleindienst
27%
St Pauli 1 Nikola Vasilj
24%
Bayern 1 João Palhinha
22%
Hoffenheim 1 Stanley Nsoki
22%
Leipzig 1 Benjamin Sesko
20%
Stuttgart 1 Nick Woltemade
20%
Gladbach 1 Jonas Omlin
18%
Kiel 1 Lewis Holtby
18%
Leverkusen 1 Alejandro Grimaldo
16%
Wolfsburg 1 Patrick Wimmer
16%
Stuttgart 1 Ameen Al-Dakhil
13%
Augsburg 1 Arne Maier
13%
Bochum 1 Ibrahima Sissoko
13%
Freiburg 1 Patrick Osterhage
13%
Dortmund 1 Almugera Kabar
11%
Mainz 1 Andreas Hanche-Olsen
11%
Leipzig 1 El Chadaille Bitshiabu
11%
Gladbach 1 Tomas Cvancara
11%
Union 1 Tom Rothe
11%
St Pauli 1 Connor Metcalfe
9%
Freiburg 1 Junior Adamu
9%
Hoffenheim 1 Leo Østigård
9%
Augsburg 1 Samuel Essende
9%
Wolfsburg 1 Yannick Gerhardt
9%
Frankfurt 1 Arthur Theate
7%
Kiel 1 Fiete Arp
7%
Stuttgart 1 Leonidas Stergiou
7%
2 Vereine 1 Niklas Dorsch
7%
St Pauli 1 Siebe Van der Heyden
7%
Kiel 1 Andu Kelati
4%
2 Vereine 1 Cédric Zesiger
4%
St Pauli 1 Adam Dzwigala
2%
Bochum 1 Koji Miyoshi
0%
Keine übereinstimmenden Quizze gefunden
Verteilung der Resultate
Anzahl Personen mit jedem Resultat
Perzentil nach korrekt beantworteten Fragen
Ihre Resultats-Entwicklung
Sie haben dieses Quiz noch nicht gespielt